[Event "IECC CL5-2011.15 email"]
[Site "IECC email"]
[Date "2011.10.13"]
[Round "?"]
[White "Cabrera Trujillo, Claudio Tomas"]
[Black "Damasceno, Fernando Goncalves"]
[Result "1/2-1/2"]
[WhiteElo "1487"]
[BlackElo "1427"]
[PlyCount "54"]
[EventDate "2011.??.??"]
[EventType "tourn (corr)"]
[EventRounds "4"]
[SourceTitle "Telechess CBM 149"]
[Source "ChessBase"]
[SourceDate "2012.07.17"]
[SourceVersion "1"]
[SourceVersionDate "2012.07.17"]
[SourceQuality "1"]
[WhiteTeam "Chile"]
[BlackTeam "Brazil"]
[WhiteTeamCountry "CHI"]
[BlackTeamCountry "BRA"]

1. c4 Nf6 2. Nf3 g6 3. g3 Bg7 4. Bg2 0-0 5. d4 c6 6. Nc3 d5 7. cxd5 cxd5 8. Ne5 e6 9. 0-0 Nbd7 10. f4 a6 11. a4 b6 12. Qd3 Bb7 13. h3 Rc8 14. Be3 Qe7 15. Rac1 Nxe5 16. fxe5 Ne8 17. Bf4 Nc7 18. e4 Qd7 19. b3 b5 20. axb5 axb5 21. exd5 Nxd5 22. Bxd5 Bxd5 23. Nxb5 Rxc1 24. Rxc1 Rc8 25. Rxc8+ Qxc8 26. Qc3 Qxc3 27. Nxc3 Bxb3 1/2-1/2

[Event "IECC CL5-2011.06 email"]
[Site "IECC email"]
[Date "2011.03.30"]
[Round "?"]
[White "Damasceno, Fernando Goncalves"]
[Black "D'Aragona, Vittoria"]
[Result "0-1"]
[WhiteElo "1477"]
[BlackElo "1370"]
[PlyCount "83"]
[EventDate "2011.??.??"]
[EventType "tourn (corr)"]
[EventRounds "4"]
[SourceTitle "Telechess CBM 145"]
[Source "Chessbase"]
[SourceDate "2011.11.11"]
[SourceVersion "1"]
[SourceVersionDate "2011.11.11"]
[SourceQuality "1"]
[WhiteTeam "Brazil"]
[BlackTeam "Italy"]
[WhiteTeamCountry "BRA"]
[BlackTeamCountry "ITA"]

1. d4 Nf6 2. c4 e6 3. Nc3 Bb4 4. Qc2 0-0 5. Nf3 d5 6. e3 c5 7. a3 cxd4 8. exd4 Be7 9. cxd5 Nxd5 10. Bd3 h6 11. 0-0 Nc6 12. b4 Nxc3 13. Qxc3 Bd7 14. Ne5 Rc8 15. Qb2 Nxe5 16. dxe5 Bc6 17. Rd1 Qc7 18. Be3 Ba4 19. Rac1 Qb8 20. Rxc8 Rxc8 21. Re1 b6 22. Rc1 Rxc1+ 23. Bxc1 Qd8 24. Qe2 Bc6 25. Bc4 a5 26. Qg4 Qc7 27. Bb2 axb4 28. axb4 Bxb4 29. Bxe6 fxe6 30. Qxb4 Bd5 31. h3 Bc4 32. Bd4 b5 33. Qc5 Qb7 34. Kh2 Qe4 35. Be3 Bd5 36. f3 Qxe5+ 37. Kh1 b4 38. Bd4 Qe1+ 39. Kh2 Qd2 40. Qa7 Qf4+ 41. Kg1 Qg3 42. Qb8+ 0-1

[Event "IECC CL5-2011.06 email"]
[Site "IECC email"]
[Date "2011.03.30"]
[Round "?"]
[White "Damasceno, Fernando Goncalves"]
[Black "Filgueira, Horacio"]
[Result "1-0"]
[WhiteElo "1464"]
[BlackElo "1404"]
[PlyCount "107"]
[EventDate "2011.??.??"]
[EventType "tourn (corr)"]
[EventRounds "4"]
[SourceTitle "Telechess CBM 145"]
[Source "Chessbase"]
[SourceDate "2011.11.11"]
[SourceVersion "1"]
[SourceVersionDate "2011.11.11"]
[SourceQuality "1"]
[WhiteTeam "Brazil"]
[BlackTeam "Argentina"]
[WhiteTeamCountry "BRA"]
[BlackTeamCountry "ARG"]

1. d4 Nf6 2. c4 c5 3. Nf3 cxd4 4. Nxd4 Nc6 5. g3 Qb6 6. Nb5 Ng4 7. e3 d6 8. N1c3 Nf6 9. Bg2 Bg4 10. Qc2 g6 11. 0-0 Bg7 12. h3 Be6 13. b3 Nb4 14. Qd2 0-0 15. Na4 Qa5 16. Ba3 Nc6 17. Qxa5 Nxa5 18. Nc7 Rac8 19. Nxe6 fxe6 20. Bb4 Nc6 21. Bc3 b6 22. Rad1 Nd7 23. Bxg7 Kxg7 24. Nc3 Nc5 25. Nb5 a6 26. Nd4 Nxd4 27. exd4 Nd7 28. f4 Rc7 29. Rfe1 Kf6 30. Re2 Rg8 31. Rde1 Nf8 32. d5 exd5 33. Bxd5 Rg7 34. g4 e6 35. Bxe6 Rge7 36. g5+ Kg7 37. Bd5 Red7 38. Re8 b5 39. Kg2 bxc4 40. Bxc4 d5 41. Bd3 Rf7 42. Kg3 Rc3 43. R1e3 d4 44. Rf3 Rd7 45. f5 gxf5 46. Bxf5 d3 47. Bxd3 Rdxd3 48. Rexf8 Rxf3+ 49. Rxf3 Rc2 50. a4 a5 51. h4 Rd2 52. Kg4 Rd4+ 53. Rf4 Rd3 54. b4 1-0